Instruccion de sacerdotes, en que se les da doctrina muy importante para conocer la alteza del sagrado oficio sacerdotal, y para exercitarle debidamente, sacada toda de los santos padres, y doctores de la iglesia / por el P. Don Antonio de Molina, indigno monge de la Cartuja de Miraflores

Detalles Bibliográficos
Autor principal: Molina, Antonio de, O. Cart., 1560-1619
Formato: Libro
Lenguaje:Spanish
Publicado: Madrid : en la imprenta del Real y Supremo Consejo de Indias, 1785.
Edición:En esta utlima impresion sale este libro corregido, y añadido con particular cuidado por el original que corrigió su autor
Materias:
Colección:Banco de datos
Acervo:Seminario Conciliar de Nuestra Señora de Guadalupe Querétaro. Qro.. Biblioteca Florencio Rosas. Fondo Reservado
Descripción Física:[12] h., 548 p., [28] h. ; 4°
Tema general:Pastoral
Notas:Portada tipográfica con plecas en grabado xilográfico. Título de la anteportada: Instruccion de sacerdotes. Texto a dos columnas con paginación en números arábigos, cornisas, apostillas marginales, signaturas y reclamos. Encuadernación en pergamino sobre cartón. Ex libris en estampa en el verso de la tapa superior de Manuel C. y Castro. Sello en tinta del Seminario Conciliar de Querétaro. Sello en tinta de la Biblioteca del Seminario, Querétaro. Sello en tinta (monograma). Daños de humedad y en la encuadernación, lomo y tapa inferior desprendidos. Testigo entre la p. 548 y la hoja con signatura Mm3: billete de la Real Lotería de Nueva España para el Sorteo cuatrocientos setenta y seis a celebrarse el 7 de agosto de 1807
LEADER 01841nam a22001930004500
035 |a 1058 
041 0 |a spa 
100 1 |a Molina, Antonio de, O. Cart., 1560-1619 
245 1 0 |a Instruccion de sacerdotes, en que se les da doctrina muy importante para conocer la alteza del sagrado oficio sacerdotal, y para exercitarle debidamente, sacada toda de los santos padres, y doctores de la iglesia / por el P. Don Antonio de Molina, indigno monge de la Cartuja de Miraflores 
250 |a En esta utlima impresion sale este libro corregido, y añadido con particular cuidado por el original que corrigió su autor 
260 |a Madrid : en la imprenta del Real y Supremo Consejo de Indias, 1785. 
300 |a [12] h., 548 p., [28] h. ; 4° 
500 |a Portada tipográfica con plecas en grabado xilográfico. Título de la anteportada: Instruccion de sacerdotes. Texto a dos columnas con paginación en números arábigos, cornisas, apostillas marginales, signaturas y reclamos. Encuadernación en pergamino sobre cartón. Ex libris en estampa en el verso de la tapa superior de Manuel C. y Castro. Sello en tinta del Seminario Conciliar de Querétaro. Sello en tinta de la Biblioteca del Seminario, Querétaro. Sello en tinta (monograma). Daños de humedad y en la encuadernación, lomo y tapa inferior desprendidos. Testigo entre la p. 548 y la hoja con signatura Mm3: billete de la Real Lotería de Nueva España para el Sorteo cuatrocientos setenta y seis a celebrarse el 7 de agosto de 1807 
504 |a Al principio de la obra está la tabla de capítulos. Al final está la tabla de lugares de la Sagrada Escritura 
650 1 0 |a Pastoral 
949 |a Fondo Reservado: 1731 
942 |c QUER-RES 
943 |g Seminario Conciliar de Nuestra Señora de Guadalupe Querétaro. Qro.. Biblioteca Florencio Rosas. Fondo Reservado 
999 |c 1108722  |d 1108722